European Countries Not Mentioning Themselves in Their National Anthem - Statistics

General Stats
  • This quiz has been taken 20 times
  • The average score is 10 of 13
Answer Stats
Answer % Correct
Spain
93%
Sweden
93%
Andorra
86%
Luxembourg
86%
Slovenia
86%
Vatican City
86%
Estonia
79%
San Marino
79%
Moldova
71%
Netherlands
71%
Kosovo
64%
Monaco
57%
Bulgaria
50%
No matching quizzes found
Score Distribution
Percent of People with Each Score
Percentile by Number Answered
Your Score History
You have not taken this quiz